000 00868cam a22002774a 4500
005 20260322212032.0
008 data
010 _a 2005054113
020 _a9780743243773 (hardcover)
020 _a0743243773 (hardcover)
040 _aDLC
_cDLC
_dDLC
042 _apcc
043 _an-us---
050 0 0 _aLA2317.M36
_bA3 2005
082 0 0 _aB
_aB
_222
100 1 _aMcCourt, Frank.
245 1 0 _aTeacher man :
_ba memoir /
_cFrank McCourt.
260 _aNew York :
_bScribner,
_c2005.
300 _a258 p. ;
_c25 cm.
600 1 0 _aMcCourt, Frank.
650 0 _aHigh school teachers
_vBiography.
_zNew York
_zNew York
650 0 _aIrish Americans
_vBiography.
856 4 2 _3Publisher description
_uhttp://www.loc.gov/catdir/enhancements/fy0631/2005054113-d.html
856 4 1 _3Sample text
_uhttp://www.loc.gov/catdir/enhancements/fy0641/2005054113-s.html
001 data
999 _c740
_d740